000 00858nam a2200229Ia 4500
003 GCL
008 140319s9999 xx 000 0 ara d
020 _a1048345977
040 _aGCL /
_cGCL
082 0 4 _a004.678
_bخ د \\=aخالد العامرىv
245 1 0 _aدليل المواقع العربية على الانترنت :
_bالدليل الاكبر
700 1 _aعبدالحميد عبدالعاطى
250 _aالاولى
260 _aالقاهرة :
_bدار الفاروق للنشر والتوزيع ،
_c2003
300 _a1656 ص ؛
_c24 سم
650 0 4 _aاختزان واسترجاع المعلومات
650 0 4 _aالإنترنت
650 0 4 _aالإنترنت - مواقع
650 0 4 _aالحاسبات الالكترونية - ادلة
650 0 4 _aالإنترنت - مواقع العربية
942 _2ddc
_cBK
999 _c5413
_d5413